[Event "17th Reykjavik op"]
[Site "Reykjavik ISL"]
[Date "1996.03.10"]
[Round "9.24"]
[White "Raetsky, Alexander"]
[Black "Ulfarsson, Magnus Oern"]
[Result "1/2-1/2"]
[WhiteElo "2485"]
[BlackElo "2290"]
[EventDate "1996.03.02"]
[PlyCount "98"]

1.d4 Nf6 2.c4 e6 3.g3 d5 4.Nf3 dxc4 5.Bg2 Be7 6.O-O O-O 7.Ne5 Nc6 8.Nxc6 
bxc6 9.Na3 Bxa3 10.bxa3 Nd5 11.Qa4 Nb6 12.Qxc6 Rb8 13.Qc5 Bb7 14.e4 ( 14.
Bxb7 Rxb7 15.Bf4 Qd7 16.Rab1 Rd8 17.Rb4 h6 18.Rc1 Qxd4 19.Qxd4 Rxd4 20.Be3
Rd5 21.Bxb6 cxb6 22.Rbxc4 Rbd7 {E-E Umanskaya,I-Zatonskih,A/Yalta 
opW/1995/ (50)} ) 14...Qd6 ( 14...Qd7 15.Be3 ( 15.Bf4 Rbc8 16.Rfd1 Rfd8 
17.Rab1 ( 17.Rac1 Qc6 18.Qb4 Qd7 19.Rd2 Ba8 20.Qa5 Qe7 21.Qxa7 Rd7 22.Qa5 
Bb7 23.Qb4 Qd8 24.a4 {1-0 Manor,I-Upton,T/Thessaloniki olm (10)/1988/ (41)
} ) 17...Bc6 18.Rd2 a6 19.Bf3 Bb5 20.Bd1 Qc6 21.Qxc6 Bxc6 22.Bc2 c3 23.
Rdd1 Ba4 24.Rbc1 Bxc2 25.Rxc2 Na4 26.d5 {1-0 Antunes,A-Veingold,A/Mondariz
op/1994/ (40)} ) 15...Bc6 16.Rfc1 Bb5 17.Rab1 a6 18.Qb4 Na4 19.d5 f5 20.
dxe6 Qxe6 21.exf5 Qxf5 22.Rxc4 c5 23.Qb3 Qe6 24.Rcc1 c4 25.Qc2 Rbd8 26.Bf1
Kh8 27.Rb4 Nb6 28.Bxb6 Qxb6 29.a4 Qh6 30.Rd1 Rxd1 31.Qxd1 Bc6 32.Rxc4 Qe6 
33.Qc2 {E-E Hausner,I-Velimirovic,D/Banja Luka/1981/ (61)} ) 15.Bf4 Qxc5 
16.dxc5 Na4 17.Rfc1 Ba6 18.Bf1 Nxc5 19.Bxc4 Bxc4 ( 19...Rb7 20.Be3 Bxc4 
21.Bxc5 Bd3 22.Bxf8 Kxf8 23.f3 Ke7 24.Rc3 Ba6 25.Rac1 Kd7 26.a4 Kd6 {1-0 
Manor,I-Anand,V/London Lloyds (04)/1987/} ) ( 19...Bb7 20.f3 Rbd8 21.Rab1 
Ba8 22.Bxc7 Rc8 23.Bd6 Rfd8 24.Be7 Re8 25.Bxc5 Rxc5 26.Bb5 Rxc1+ 27.Rxc1 {
1-0 Mozny,M-Zelic,Z/Prague Bohemians/1987/ (33)} ) 20.Rxc4 Na6 ( 20...Nd3 
21.Bxc7 ( 21.Rxc7 Nxf4 22.gxf4 a6 ) 21...Rb2 22.f3 f5 $132 ) 21.Rac1 Rfd8 
22.Ra4 ( 22.Bxc7 Nxc7 23.Rxc7 a6 24.R1c2 $16 ) 22...Rb6 23.Bxc7 Nxc7 24.
Rxc7 a6 25.Rb4 Rbb8 $1 ( 25...Rbd6 26.Rbb7 $16 ) ( 25...Rxb4 26.axb4 $18 )
26.Ra7 Ra8 27.Rxa8 Rxa8 {White is clearly better, but his material 
advantage is only a modest pawn on a2.} 28.e5 g6 29.Ra4 Rc8 $1 30.Rxa6 Rc5
31.f4 Rc2 32.Rd6 ( 32.a4 Rxa2 33.a5 h5 $14 ) 32...Rxa2 33.Rd3 Kg7 34.h4 h6
35.Kf1 g5 $1 36.hxg5 ( 36.fxg5 hxg5 37.h5 g4 ) ( 36.Ke1 gxf4 37.gxf4 Kg6 
$132 ) 36...hxg5 37.fxg5 Kg6 38.Ke1 ( 38.Rf3 Kxg5 39.Rxf7 Rxa3 $10 ) 38...
Kxg5 39.Kd1 Kf5 40.Re3 f6 $1 41.exf6 Kxf6 42.Kc1 Kf5 43.Kb1 Rd2 44.a4 Rd4 
45.Ra3 ( 45.a5 Ra4 $10 ) 45...e5 46.a5 e4 47.Kb2 ( 47.a6 e3 48.Rxe3 Ra4 
49.g4+ Kf6 $1 ( 49...Kxg4 50.Re6 Kf5 51.Rh6 Ke5 52.Kb2 Kd5 53.Kb3 $18 ) 
50.g5+ Kf5 51.g6 Rxa6 52.g7 Rg6 $10 ) 47...Rd2+ 48.Kc1 e3 49.a6 Rd6 ( 
49...Rd6 50.a7 e2 51.Re3 Ra6 52.Rxe2 Rxa7 $10 ) 1/2-1/2

[Event "17th Reykjavik op"]
[Site "Reykjavik ISL"]
[Date "1996.03.10"]
[Round "9.25"]
[White "Berg, Bo"]
[Black "Gustafson, Dale"]
[Result "1-0"]
[WhiteElo "2085"]
[BlackElo "2090"]
[EventDate "1996.03.02"]
[PlyCount "129"]

1.e4 c6 2.d4 d5 3.Nc3 dxe4 4.Nxe4 Nf6 5.Ng5 Bf5 6.Be2 e6 7.h4 h6 8.N5h3 
Bd6 9.g4 Bh7 10.Nf4 Qc7 11.Ngh3 Nbd7 12.g5 hxg5 13.hxg5 Nd5 14.Nh5 O-O-O 
15.c4 Nb4 16.Be3 Nc2+ 17.Kf1 Nxa1 18.Qxa1 Qa5 19.c5 Bc7 20.a3 Qa4 21.b4 
Qb3 22.N3f4 Qb1+ 23.Qxb1 Bxb1 24.Kg2 Be4+ 25.f3 Bd5 26.Nxg7 Rxh1 27.Kxh1 
Rh8+ 28.Nfh5 Nf8 29.Kg1 Ng6 30.f4 Nh4 31.a4 Bf3 32.Bxf3 Nxf3+ 33.Kf2 Nh4 
34.Nf6 Ng6 35.Kf3 Rh1 36.Nge8 Rb1 37.Bd2 Rb3+ 38.Ke4 Ra3 39.Nxc7 Kxc7 40.
a5 Kd8 41.Ng4 Ra2 42.Kd3 Ra3+ 43.Kc2 Rg3 44.Nh6 Ke8 45.f5 Nf8 46.fxe6 fxe6
47.d5 cxd5 48.b5 Kd7 49.Nf7 Rg2 50.Kc3 Rf2 51.Ne5+ Kc7 52.Be3 Rg2 53.Bf4 
Kc8 54.c6 Nh7 55.Ng6 bxc6 56.bxc6 Rg4 57.Ne7+ Kd8 58.c7+ Kxe7 59.c8=Q Nxg5
60.Qc7+ Kf6 61.Qe5+ Kg6 62.Kb4 Rg2 63.Kb5 Kh5 64.Ka6 Kh4 65.Qh8+ 1-0

[Event "17th Reykjavik op"]
[Site "Reykjavik ISL"]
[Date "1996.03.10"]
[Round "9.27"]
[White "Thorhallsson, Throestur"]
[Black "Gretarsson, Helgi Ass"]
[Result "1/2-1/2"]
[WhiteElo "2445"]
[BlackElo "2450"]
[EventDate "1996.03.02"]
[PlyCount "102"]

1.c4 e5 2.Nc3 Nf6 3.Nf3 Nc6 4.d4 exd4 5.Nxd4 Bb4 6.Nxc6 Bxc3+ 7.bxc3 bxc6 
8.Ba3 d6 9.g3 c5 10.Bg2 Be6 11.Bxa8 Qxa8 12.f3 O-O 13.Qa4 Nd7 14.Kf2 Nb6 
15.Qc2 Bxc4 16.Rad1 Qc6 17.Bc1 Qa4 18.Qxa4 Nxa4 19.Bd2 Re8 20.Rhe1 f6 21.
Rb1 Nb6 22.h4 h5 23.Bf4 Kf7 24.Rb2 Ke6 25.e4 Kd7 26.Rg1 Be6 27.Rgb1 Kc6 
28.Be3 Bc4 29.Bf4 Bd3 30.Rc1 Nc4 31.Rb3 f5 32.exf5 Re2+ 33.Kg1 Rxa2 34.Rb8
Bxf5 35.Rg8 a5 36.Rxg7 a4 37.g4 hxg4 38.fxg4 Be4 39.Re1 Bf3 40.h5 a3 41.h6
Re2 42.Rxe2 Bxe2 43.h7 a2 44.h8=Q a1=Q+ 45.Kh2 Qf1 46.Qa8+ Kb5 47.Qe8+ Kb6
48.Qb8+ Ka6 49.Qc8+ Kb5 50.Qe8+ Ka5 51.Qa8+ Kb5 1/2-1/2

[Event "17th Reykjavik op"]
[Site "Reykjavik ISL"]
[Date "1996.03.10"]
[Round "9.29"]
[White "Tisdall, Jonathan"]
[Black "Hjartarson, Johann"]
[Result "1-0"]
[WhiteElo "2510"]
[BlackElo "2570"]
[EventDate "1996.03.02"]
[PlyCount "109"]

1.d4 Nf6 2.Nf3 e6 3.g3 d5 4.Bg2 Be7 5.O-O O-O 6.c4 c6 7.Qc2 Nbd7 8.b3 b6 
9.Bb2 ( 9.Rd1 {at once looks more flexible. White keeps the options of 
using the ideas in the game without committing the bishop, which could 
come in handy on f4.} ) 9...Ba6 10.Rd1 Rc8 11.Nc3 $5 {I have not been able
to find this exact position anywhere, so perhaps this is a new move. The 
idea is not terribly original though. White is willing to part with a pawn
in order to increase the scope of his pieces, e.g.} 11...b5 ( 11...dxc4 {
is very risky.} 12.bxc4 ( 12.Ne5 $5 {was suggested by Gausel, with the 
idea of keeping the tension, since black cannot afford to open the a-line 
by capturing on b3. This may be even more promising.} ) 12...Bxc4 13.Ne5 
Nxe5 14.dxe5 Nd7 ( 14...Nd5 $5 ) 15.Ne4 Ba6 16.Nd6 {seems to me to offer 
white wonderful compensation - every single piece is more actively placed 
and black can only hope to cower behind his extra pawn.} ) 12.c5 {Now a 
very difficult position arises where white's chances must be objectively 
superior thanks to his advantage in space, but making something of this 
abstract concept is no easy matter.} 12...b4 13.Na4 Bb5 14.Ne1 $1 {Heading
for the ideal square d3. White's plan is to arrange a2-a3 at a favorable 
moment, when either b4 or a7 becomes weak. White does not fear ...Bxa4, 
which does not change his basic plan, and also robs black of the b5 
square, which he may need later.} 14...Rb8 15.Nd3 Ne8 $1 {A useful move, 
which creates the possibility of ...f5 or ...Bf6, and sends the knight 
within range of b5 or b4.} 16.Rab1 a5 17.e3 $6 {Bc1-f4 was also possible, 
but I wanted to keep e5 under control, bolster the center and ready the 
Bg2 for action on a useful diagonal. A nice list of reasons, but this move
makes it a bit easier for black to create counterplay.} 17...f5 18.a3 {
Johann suggested} ( 18.f3 $5 {after the game. My feeling about this 
position was that creating a queenside target was top priority, and that 
trying to monitor all sectors of the board would only befuddle my 
overtaxed brain.} ) 18...bxa3 19.Bxa3 Nc7 20.Bc1 Na6 21.Nab2 e5 {It seems 
that black must play this to create some play as his queenside comes under
fire. Afterwards Johann was sufficiently depressed to even have doubts 
about this, but with id2 and i a1 looming, it must be right.} 22.Bd2 e4 ( 
22...exd4 23.exd4 Bf6 {concerned me a bit, as black can punt the exchange 
after N or B to f4 by simply taking on d4, when white's center evaporates.
I would guess that white maintains an advantage after the stubbornly solid
} 24.Bc3 {followed by turning his attention to the a- or e-files.} ) ( 
22...Bf6 $5 {is also very interesting;} 23.dxe5 Nxe5 24.Nf4 $5 {on the 
other hand, looks quite promising. Hjartarson's decision to simply gain 
space looks most logical to me, since he avoids activating white's pieces.
} ( 24.Nxe5 Bxe5 25.Nc4 $5 Bc7 $5 26.Nd6 Bxd6 ( 26...Nxc5 27.Nxb5 Rxb5 28.
Bf1 ) 27.cxd6 Nb4 {does not seem to lead to much for white.} ) ) 23.Nf4 
Rf6 24.Ra1 Nb4 {Both players were rather short of time already, and there 
are a lot of difficult decisions to make here. Hjartarson opts to keep the
bishop on b5 working for as long as possible, but he could have started 
burning bridges instead.} ( 24...g5 $5 25.Bxa5 Qe8 26.Ne2 Qh5 27.Nc3 {and 
Hjartarson judged the attack insufficient with the falling of the Bb5. The
violent} 27...Rh6 28.h3 f4 29.Nxb5 Rxb5 {does not appear to give black an 
easy attack;} 30.exf4 ( 30.Bc3 $5 ) 30...gxf4 31.Bd2 $5 ) 25.Bxb4 axb4 26.
h4 g6 {Preparing the gradual expansion of the kingside.} 27.Bf1 {A 
difficult decision with time running short. I wanted to play} ( 27.Ra7 $5 
{which is much stronger if it works. The idea is} 27...Nf8 28.Nc4 {when 
white begins to invade since} 28...dxc4 ( 28...h6 29.Ne5 g5 30.Nh5 Re6 31.
Bh3 {is awkward for black.} ) 29.bxc4 b3 30.Qc3 {is very good for white. 
However, if black does not take on c4, and manages to open lines on the 
kingside, white will not be able to escape with his king. This is an 
understandable fear, but it is hard to find a way for black to achieve 
this. After white's nervous decision, the game sinks further into 
obscurity.} ) 27...Bxf1 28.Kxf1 Nf8 29.Ke2 h6 30.Rh1 g5 31.hxg5 hxg5 32.
Nh5 Rf7 33.Kd2 {White runs to safety and opens the d1-h5 diagonal for the 
queen. Both players must constantly beware of losing control of the a- or 
h-lines, and the position is very unclear, at least to those involved.} 
33...Rh7 34.Rag1 Ng6 35.Qd1 Qc7 36.Kc2 Rf8 37.Rh2 Kf7 38.Rgh1 Rfh8 39.f3 
$5 {White tries to create more chances for confusion in the final seconds 
of the first time control.} 39...Qd7 {Hjartarson hastens to support the 
white squares around his king. White's last move was well timed, since 
black must take care of the f-line now that his king is there. With plenty
of time for reflection, though, black could have tried} ( 39...Nh4 $5 {
with great complications, that I would guess should ebb out in equality.} 
40.gxh4 ( 40.fxe4 $5 Rxh5 41.e5 $5 Ng2 42.Rxh5 Nxe3+ 43.Kc1 Nxd1 44.Rxh8 
Nxb2 45.R1h7+ Kg6 46.Rh6+ Kg7 ) 40...Rxh5 41.fxe4 fxe4 {and white has 
various ways to get compensation for a pawn, e.g.} 42.Qg4 Rxh4 43.Rf2+ Ke8
44.Rxh4 Rxh4 45.Qe6 ) 40.fxe4 dxe4 ( 40...fxe4 {was probably safer, since 
it is not easy for white to use the f-line, and he no longer has an easy 
route in with the Nb2. On the other hand, black has no hope of generating 
play with his pawns.} ) 41.Rf2 {A strange move, typical of the relief of 
making time control.} ( 41.Qe2 {was more logical, as white needs to play 
this in any case.} ) 41...Kg8 42.Nc4 Qe6 43.Qe2 Bf8 44.Rfh2 {The war of 
nerves continues. White has more chances of improving his position thanks 
to the powerful c4 square. Black can do very little, and his next move 
allows white a tactical finesse.} 44...Ne7 $2 45.g4 $1 {After this black's
pawn structure caves in.} 45...f4 $6 ( 45...fxg4 46.Qxg4 $1 ( 46.Ne5 $2 
Nd5 {and black defends thanks to the knight fork on e3.} ) 46...Qxg4 47.
Nf6+ Kf7 48.Nxg4 Rxh2+ 49.Rxh2 Rxh2+ 50.Nxh2 Kg6 {was a better try, hoping
that the g-pawn will create enough counterplay to balance the terrible 
weaknesses on e4 and c6, but neither of us felt that this was likely.} ) 
46.exf4 gxf4 47.Ne5 $1 ( 47.Nxf4 $2 Rxh2 48.Rxh2 Rxh2 49.Qxh2 Qxg4 {is 
nothing for white at best.} ) 47...Nd5 48.Qxe4 Bg7 49.Ra1 $1 {Now that the
knight on h5 is firmly protected, white's rooks have total freedom. Now 
Hjartarson used up most of his time trying to find a way to hang on.} 
49...Bxe5 50.dxe5 Qe8 $1 {I had expected black either to resign or play 
into} ( 50...Rf7 51.Ra8+ Rf8 52.Nf6+ $1 Qxf6 53.exf6 Rxh2+ 54.Kc1 {and 
white wins.} ) 51.Kb2 {Now I used up most of my time trying to find a 
simple win. Gausel's suggestion of} ( 51.Rd2 $5 {is interesting. I wanted 
to avoid the mess of} 51...Ne3+ 52.Kb2 Nxg4 {but black is too exposed to 
last long here.} ) 51...Re7 52.Rah1 Rh6 53.Nxf4 Rxh2+ ( 53...Rxe5 54.Qc2 
$1 Nxf4 ( 54...Rxh2 55.Qxh2 ) 55.Rxh6 Re2 56.Rh8+ {wins easily.} ) 54.Rxh2
Rxe5 $2 ( 54...Nxf4 55.Qxf4 Rxe5 56.Qxb4 {should not pose too many 
technical difficulties.} ) 55.Qh7+ 1-0

[Event "17th Reykjavik op"]
[Site "Reykjavik ISL"]
[Date "1996.03.10"]
[Round "9.31"]
[White "Borge, Nikolaj"]
[Black "Gausel, Einar"]
[Result "1-0"]
[WhiteElo "2455"]
[BlackElo "2515"]
[EventDate "1996.03.02"]
[PlyCount "192"]

1.e4 e6 2.d4 d5 3.e5 c5 4.c3 Bd7 5.Be3 Nc6 6.Nf3 Qb6 7.Qd2 f6 8.Be2 fxe5 
9.Nxe5 Nxe5 10.dxe5 Ne7 11.f4 Nf5 12.Bf2 h5 13.Na3 g6 14.O-O Qa5 15.Nc2 
Bb5 16.b4 Qa6 17.Bxb5+ Qxb5 18.bxc5 Bxc5 19.Rab1 Bxf2+ 20.Qxf2 Qd7 21.Nd4 
b6 22.Rfd1 Rc8 23.Nxf5 gxf5 24.Rd3 h4 25.Rc1 Qa4 26.Rh3 Qa3 27.Rd1 Rxc3 
28.Rxh4 Rxh4 29.Qxh4 Qc5+ 30.Kh1 Rc1 31.Qe1 Rxd1 32.Qxd1 {D-D: verteilte 
Bauernmehrheiten; ab 44.Zug D+2 - D+2 und grober Fehler von Schwarz 
(46...e4?); ab 70.Zug D+g/h - D mit viel Leerlauf} 32...Qe3 33.Qa4+ Kd8 
34.h3 Qc1+ 35.Kh2 Qc4 36.Qxa7 Qxf4+ 37.Kh1 Qxe5 38.Qxb6+ Ke7 39.Qb4+ Kf7 
40.a4 d4 41.Qb7+ Kf6 42.Qd7 f4 43.a5 Qxa5 44.Qxd4+ e5 45.Qd6+ Kf5 46.Qd3+ 
e4 $2 ( 46...Kf6 $10 ) 47.Qd7+ Kf6 ( 47...Ke5 48.Qg7+ Kd6 49.Qg6+ {xe4} ) 
48.Qd6+ Kf5 49.Qf8+ $1 Ke6 50.Qh6+ $1 ( 50.Qxf4 Qe1+ 51.Kh2 e3 $132 ) 
50...Ke7 51.Qg7+ Ke6 52.Qg6+ Kd7 53.Qxe4 Qg5 54.Kg1 Kd6 55.Kf1 Kd7 56.Ke2 
Kd6 57.Kf1 Kc7 58.Qe2 Kd6 59.Qd2+ Ke6 60.g4 Kf7 61.Qd7+ Kg8 62.Qe6+ Kg7 
63.Kg2 Qc5 64.h4 Qc2+ 65.Kf3 Qh2 66.Qd7+ Kg8 67.Qd5+ Kg7 ( 67...Kh7 68.
Qe4+ Kg8 69.Qe1 Kg7 70.Qf2 $18 ) 68.Qd4+ Kg8 69.Qf2 Qh1+ 70.Kxf4 Qc1+ 71.
Kf5 Qc7 72.Qa2+ Kh8 73.Qb2+ Kh7 74.Qe5 Qc8+ 75.Kg5 Qd8+ 76.Kh5 Qa8 77.Qe7+
Kh8 78.Qf6+ Kh7 79.Qf5+ Kg7 80.Qe5+ Kh7 81.Qe7+ Kh8 82.Qf6+ Kh7 83.Qf7+ 
Kh8 84.g5 Qa3 85.Qe8+ Kh7 86.Qd7+ ( 86.g6+ Kg7 87.Qf7+ Kh8 88.Qh7# ) 86...
Kh8 87.Qc8+ Kg7 88.Qb7+ Kf8 89.Kg6 Qa2 90.Qg7+ Ke8 91.Qe5+ Kf8 92.Qf6+ Ke8
93.h5 Qc2+ 94.Kg7 Qc7+ 95.Kg8 Qc5 96.h6 Qc4+ 1-0